Introduction to Coding for Class 7

Guardat en:
Dades bibliogràfiques
Autor principal: Verma
Format: Llibre
Publicat: BPB Pub.
Etiquetes: Afegir etiqueta
Sense etiquetes, Sigues el primer a etiquetar aquest registre!

MARC

LEADER 00000nam a2200000Ia 4500
005 20260513122053.0
020 |a 9789355512598 
100 |a Verma 
365 |c Rs. 
365 |b 25.00 
942 |c BK 
245 |a Introduction to Coding for Class 7 
260 |b BPB Pub. 
999 |c 84  |d 84 
952 |0 0  |1 0  |4 0  |7 0  |a UNSW  |b UNSW  |d 2026-05-06  |g 599.00  |i 16686  |l 0  |p 000088  |r 2026-05-13 12:20:53  |v 599.00  |w 2026-05-13  |y BK